Medical immunology / (Record no. 20359)

MARC details
000 -LEADER
fixed length control field 00997nam a22002657a 4500
008 - FIXED-LENGTH DATA ELEMENTS--GENERAL INFORMATION
fixed length control field 081230t xxu||||| |||| 00| 0 eng d
010 ## - LCCN (DPL NO)
LC control number ENG-92283
020 ## - INTERNATIONAL STANDARD BOOK NUMBER
International Standard Book Number 978819076471
Terms of availability 130.00
035 ## - SYSTEM CONTROL NUMBER
System control number EN-75816
037 ## - SOURCE OF ACQUISITION
Source of stock number/acquisition DBAD / PUB
040 ## - CATALOGING SOURCE
Original cataloging agency dpl
Language of cataloging English
082 ## - DEWEY DECIMAL CLASSIFICATION NUMBER
Classification number 616.079
100 ## - MAIN ENTRY--PERSONAL NAME
Personal name Paul Raj, S.
245 ## - TITLE STATEMENT
Title Medical immunology /
Statement of responsibility, etc by S. Paul Raj
260 ## - PUBLICATION, DISTRIBUTION, ETC. (IMPRINT)
Place of publication, distribution, etc Tamil Nadu
Name of publisher, distributor, etc Thamarai Publications
Date of publication, distribution, etc 2008
270 ## - ADDRESS
Address 15/31, Pathal Vilai, Nagercoil Kanyakumari District,
City Tamil Nadu
Postal code 629001
300 ## - PHYSICAL DESCRIPTION
Extent 200p.:
Other physical details ill.
Dimensions 20cm (pbk)
500 ## - GENERAL NOTE
General note Includes glossary, bibliographical references and index
650 ## - SUBJECT ADDED ENTRY--TOPICAL TERM
Topical term or geographic name as entry element Clinical immunology.
650 ## - SUBJECT ADDED ENTRY--TOPICAL TERM
Topical term or geographic name as entry element Immunology.
650 ## - SUBJECT ADDED ENTRY--TOPICAL TERM
Topical term or geographic name as entry element Immunity..
650 ## - SUBJECT ADDED ENTRY--TOPICAL TERM
Topical term or geographic name as entry element Immunologic Diseases.
942 ## - ADDED ENTRY ELEMENTS (KOHA)
Source of classification or shelving scheme Dewey Decimal Classification
Item type English Books
Call number suffix PAU
Classification part 616.079
Holdings
Withdrawn status Lost status Source of classification or shelving scheme Damaged status Not for loan Collection code Home library Current library Date acquired Source of acquisition Cost, normal purchase price Total Checkouts Full call number Barcode Date last seen Copy number Cost, replacement price Koha item type
    Dewey Decimal Classification   Not For Loan Non-fiction D.B.Act.Division D.B.Act.Division 30/12/2008 DBAD / PUB 130.00   616.079 PAU EN-75816 30/12/2008 1 130.00 English Books

© Delhi Public Library
Hit Counter
free hit counter